Operations strategy (Бичлэгийн дугаар. 146153)
| 000 -УДИРДЛАГА | |
|---|---|
| Удирдлага | 01385nam a22004097a 4500 |
| 003 - ХЯНАЛТЫН ТОО ТОДОРХОЙЛОГЧ | |
| Код | MN-UlNUM |
| 005 - БИЧИЛТ ХИЙСЭН ОГНОО | |
| Тухайн бичилтийг бичсэн засварласан сүүлийн огноо | 20260109202436.0 |
| 008 - ЕРӨНХИЙ МЭДЭЭЛЭЛ | |
| Ерөнхий мэдээлэл | 160927s2008 maua b 001 0 eng |
| 020 ## - ISBN | |
| ISBN | 9780072500783 |
| -- | 0072500786 |
| 040 ## - БИЧЛЭГ ҮҮСГЭГЧ БАЙГУУЛЛАГА | |
| Бичлэг үүсгэгч номын сангийн код | МУИС-ийн номын сан |
| 084 ## - ББК АНГИЛАЛ | |
| Нэмэлт тусгалт | Гарын авлага |
| ББК ангилал | 65.290-2 |
| Зохиогчийн гурван тэмдэгт | B 35 |
| Мэдлэгийн ялгаа | 65 - Эдийн засаг |
| 100 1# - ЗОХИОГЧ | |
| Зохиогчийн нэр | Beckman, Sara Lynn |
| 245 10 - ҮНДСЭН ГАРЧИГ | |
| Номын нэр | Operations strategy |
| Бага гарчгийн мэдээ | Competing in the 21st century |
| Оролцогчдын тухай мэдээ | Sara L. Beckman, Donald B. Rosenfield |
| 260 ## - ГАРАЛТЫН МЭДЭЭ | |
| Хэвлэгдсэн газар | Boston |
| Хэвлэлийн газар | McGraw-Hill/Irwin |
| Хэвлэгдсэн он | 2008 |
| 300 ## - МАТЕРИАЛЫН ТОДОРХОЙЛОЛТ | |
| хуудасны тоо | xvii, 462 p. |
| Бусад тоон мэдээлэл | ill. |
| Хэмжээ | 24 cm. |
| 500 ## - Тайлбар | |
| Дансны дугаар | БС 6103 |
| 546 ## - ХЭЛНИЙ ТУХАЙ МЭДЭЭ | |
| Хэл | Англи хэл дээр, |
| 653 ## - Түлхүүр үг | |
| Түлхүүр үг | economics |
| 653 ## - Түлхүүр үг | |
| Түлхүүр үг | production management |
| 653 ## - Түлхүүр үг | |
| Түлхүүр үг | management |
| 653 ## - Түлхүүр үг | |
| Түлхүүр үг | quality control |
| 700 1# - ХАМ ЗОХИОГЧИД | |
| Ба бус | Rosenfield, Donald B. |
| Dates associated with a name | 1947- |
| 740 ## - НОМЫН ГАРЧИГ | |
| Гарчиг | Business strategy context for operations strategy |
| 740 ## - НОМЫН ГАРЧИГ | |
| Гарчиг | Vertical integration |
| 740 ## - НОМЫН ГАРЧИГ | |
| Гарчиг | Process technology |
| 740 ## - НОМЫН ГАРЧИГ | |
| Гарчиг | Capacity strategy |
| 740 ## - НОМЫН ГАРЧИГ | |
| Гарчиг | Facilities strategy and globalization |
| 740 ## - НОМЫН ГАРЧИГ | |
| Гарчиг | Sourcing |
| 740 ## - НОМЫН ГАРЧИГ | |
| Гарчиг | Business process-focused strategies and organizational design |
| 740 ## - НОМЫН ГАРЧИГ | |
| Гарчиг | Coordinating the supply chain |
| 740 ## - НОМЫН ГАРЧИГ | |
| Гарчиг | Information technology |
| 740 ## - НОМЫН ГАРЧИГ | |
| Гарчиг | Cross-cutting capabilities: Lean operations, quality, and flexibility |
| 740 ## - НОМЫН ГАРЧИГ | |
| Гарчиг | Strategy development and practice |
| 942 ## - ЭЛЕМЕНТИЙН ТӨРӨЛ | |
| Зүйлийн төрөл | Ном |
